000 00440nam a2200169 a 4500
001 7551
003 CO-ViMGA
008 141112s2004 ck r 000 u spa d
040 _aCO-ViMGA
_bspa
_cCO-ViMGA
082 0 4 _a320.1 E771
245 1 0 _aEstado y autonomia de la sociedad civi;
260 _aSantafé de Bogotá :
_bFescol,
_c1996
300 _a68 p
490 _aDebate laboral
650 1 4 _aESTADO Y SOCIEDAD
_96896
942 _2ddc
_cBK
999 _c19498
_d19498